[Event "Hengelo U20 op"]
[Site "Hengelo"]
[Date "2005.08.12"]
[Round "8"]
[White "Van den Bos, Jokim"]
[Black "Verstraate, Bjorn"]
[Result "1-0"]
[WhiteElo "1768"]
[BlackElo "1677"]
[PlyCount "57"]
[EventDate "2005.08.??"]
[EventType "swiss"]
[EventRounds "9"]
[EventCountry "NED"]
[SourceTitle "CBM 107 Extra"]
[Source "ChessBase"]
[SourceDate "2005.09.01"]
[SourceVersion "1"]
[SourceVersionDate "2005.09.01"]
[SourceQuality "1"]

1. e4 d5 2. exd5 Qxd5 3. Nf3 Bg4 4. Be2 Nf6 5. Nc3 Qa5 6. 0-0 c6 7. d4 Nbd7 8. Re1 Qc7 9. Ng5 Bf5 10. Bc4 e6 11. Qe2 Nb6 12. Bb3 0-0-0 13. Be3 Bd6 14. g3 h5 15. f3 Nfd5 16. Nce4 Be7 17. Nxf7 Bb4 18. Nxd8 Qxd8 19. c3 Be7 20. c4 Nf6 21. Nxf6 Bxf6 22. Rad1 g5 23. Qf2 g4 24. d5 cxd5 25. Bxb6 axb6 26. cxd5 e5 27. f4 exf4 28. Rc1+ Kd7 29. Ba4+ 1-0